[Event "35. Open Villa de Benasque 2015"]
[Site "Benasque ESP"]
[Date "2015.07.03"]
[Round "1.1"]
[White "Rius Marse, Josep"]
[Black "Rodshtein, Maxim"]
[Result "0-1"]
[WhiteElo "1965"]
[BlackElo "2678"]
[PlyCount "50"]
[EventDate "2015.07.03"]
[EventType "swiss"]
[EventRounds "10"]
[EventCountry "ESP"]
[Source "lmi"]
[SourceDate "2015.07.03"]

1. e4 c6 2. d3 d5 3. exd5 cxd5 4. Nf3 Nc6 5. Be2 e5 6. O-O Bd6 7. Re1 Nge7 8.
b3 O-O 9. Bb2 Ng6 10. Nc3 Be6 11. Nb5 Be7 12. d4 a6 13. Nc3 e4 14. Ne5 Ncxe5
15. dxe5 Rc8 16. Bh5 Bb4 17. Qd4 Qa5 18. Re3 Bc5 19. Qd2 d4 20. Rg3 dxc3 21.
Bxc3 Qb6 22. Ba5 Bxf2+ 23. Qxf2 Qxa5 24. Kh1 Qxe5 25. Rf1 Qxh5 0-1

[Event "35. Open Villa de Benasque 2015"]
[Site "Benasque ESP"]
[Date "2015.07.03"]
[Round "1.2"]
[White "Berkes, Ferenc"]
[Black "Zambrana Petisme, Ramiro"]
[Result "1-0"]
[WhiteElo "2664"]
[BlackElo "1964"]
[PlyCount "45"]
[EventDate "2015.07.03"]
[EventType "swiss"]
[EventRounds "10"]
[EventCountry "ESP"]
[Source "lmi"]
[SourceDate "2015.07.03"]

1. d4 Nf6 2. c4 g6 3. Nc3 Bg7 4. e4 d6 5. Bd3 O-O 6. Nge2 c5 7. d5 e6 8. Bg5 h6
9. Bh4 a6 10. O-O Nbd7 11. dxe6 fxe6 12. f4 Qe8 13. Bc2 Nb6 14. b3 Ng4 15. Qd2
d5 16. h3 d4 17. hxg4 dxc3 18. Qd6 Nd7 19. e5 g5 20. Qd3 Rf7 21. Qh7+ Kf8 22.
fxg5 Bxe5 23. g6 1-0

[Event "35. Open Villa de Benasque 2015"]
[Site "Benasque ESP"]
[Date "2015.07.03"]
[Round "1.3"]
[White "Rios Garcia, Miguel"]
[Black "Granda Zuniga, Julio E"]
[Result "0-1"]
[WhiteElo "1957"]
[BlackElo "2652"]
[PlyCount "60"]
[EventDate "2015.07.03"]
[EventType "swiss"]
[EventRounds "10"]
[EventCountry "ESP"]
[Source "lmi"]
[SourceDate "2015.07.03"]

1. e4 c5 2. d4 cxd4 3. Nf3 e6 4. c3 dxc3 5. Nxc3 a6 6. Bc4 b5 7. Bb3 Bb7 8. Qe2
Ne7 9. O-O Ng6 10. Rd1 Be7 11. Kh1 O-O 12. Nd4 Qc7 13. f3 Nc6 14. Be3 Rac8 15.
Rac1 Qb8 16. Rf1 Na5 17. g3 Bf6 18. Qf2 Ne5 19. Rcd1 Nec4 20. Bc1 b4 21. Na4 d5
22. Bc2 dxe4 23. Bxe4 Bxe4 24. fxe4 Qb7 25. Rfe1 Rfd8 26. b3 Nd6 27. Qe2 Rxc1
28. Rxc1 Bxd4 29. Red1 Nxe4 30. Rxd4 Nf2+ 0-1

[Event "35. Open Villa de Benasque 2015"]
[Site "Benasque ESP"]
[Date "2015.07.03"]
[Round "1.4"]
[White "Adhiban, B."]
[Black "Vela Ignacio, Jose Manuel"]
[Result "1-0"]
[WhiteElo "2627"]
[BlackElo "1956"]
[PlyCount "51"]
[EventDate "2015.07.03"]
[EventType "swiss"]
[EventRounds "10"]
[EventCountry "ESP"]
[Source "lmi"]
[SourceDate "2015.07.03"]

1. d4 e6 2. e4 d5 3. Nd2 Nf6 4. e5 Nfd7 5. f4 c5 6. c3 Nc6 7. Ndf3 f6 8. Bd3
cxd4 9. cxd4 Bb4+ 10. Bd2 O-O 11. Bxb4 Nxb4 12. Bb1 Qa5 13. Qd2 Nc6 14. Ne2 b6
15. Nc3 Ba6 16. a3 Bc4 17. h4 Qa6 18. Qc2 f5 19. b3 Bb5 20. Qd2 Na5 21. Bc2
Rfc8 22. Kf2 Rc7 23. a4 Qc8 24. axb5 Rxc3 25. Rac1 Qc7 26. Bxf5 1-0

[Event "35. Open Villa de Benasque 2015"]
[Site "Benasque ESP"]
[Date "2015.07.03"]
[Round "1.5"]
[White "Martin Martin, Luis Vicente"]
[Black "Cori, Jorge"]
[Result "0-1"]
[WhiteElo "1955"]
[BlackElo "2623"]
[PlyCount "60"]
[EventDate "2015.07.03"]
[EventType "swiss"]
[EventRounds "10"]
[EventCountry "ESP"]
[Source "lmi"]
[SourceDate "2015.07.03"]

1. d4 Nf6 2. Nf3 g6 3. Bf4 Bg7 4. e3 d6 5. h3 O-O 6. Be2 b6 7. O-O Bb7 8. Nbd2
c5 9. c3 Nc6 10. a4 Re8 11. dxc5 bxc5 12. e4 Rb8 13. Qc2 Qc7 14. Rfe1 Nd7 15.
Nc4 Nb6 16. Rad1 Nxc4 17. Bxc4 Na5 18. Bd5 Bxd5 19. exd5 Qb7 20. Re2 Bf6 21.
Ng5 Nc4 22. Ne4 Bg7 23. b3 Na5 24. b4 cxb4 25. cxb4 Rec8 26. Qb1 Qxb4 27. Qxb4
Rxb4 28. Rc1 Rxc1+ 29. Bxc1 Rb1 30. Re1 Nb3 0-1

[Event "35. Open Villa de Benasque 2015"]
[Site "Benasque ESP"]
[Date "2015.07.03"]
[Round "1.6"]
[White "Naroditsky, Daniel"]
[Black "Olivares Romero, Sara"]
[Result "1-0"]
[WhiteElo "2622"]
[BlackElo "1954"]
[PlyCount "67"]
[EventDate "2015.07.03"]
[EventType "swiss"]
[EventRounds "10"]
[EventCountry "ESP"]
[Source "lmi"]
[SourceDate "2015.07.03"]

1. e4 c5 2. Nf3 Nc6 3. d4 cxd4 4. Nxd4 g6 5. c4 Bg7 6. Nc2 d6 7. Be2 f5 8. exf5
Bxf5 9. O-O Nh6 10. Nc3 O-O 11. Nd5 Rc8 12. Re1 Nf7 13. Bf1 Nce5 14. Nd4 Bg4
15. Qb3 Re8 16. Nf4 Qa5 17. Be3 Nc6 18. Nde6 Bf6 19. h3 Bf5 20. g4 Bxe6 21.
Nxe6 Nfe5 22. Bg2 Qb4 23. g5 Bh8 24. Bd5 Qxb3 25. axb3 Nb4 26. Bxb7 Rb8 27. Be4
Nbd3 28. Re2 Rxb3 29. Rxa7 Rxb2 30. Rxb2 Nxb2 31. Bd5 Rc8 32. Rxe7 Nbxc4 33.
Nf4+ Kf8 34. Rxh7 1-0

[Event "35. Open Villa de Benasque 2015"]
[Site "Benasque ESP"]
[Date "2015.07.03"]
[Round "1.7"]
[White "Abalia Patino, Aritz"]
[Black "Grigoriants, Sergey"]
[Result "0-1"]
[WhiteElo "1951"]
[BlackElo "2594"]
[PlyCount "66"]
[EventDate "2015.07.03"]
[EventType "swiss"]
[EventRounds "10"]
[EventCountry "ESP"]
[Source "lmi"]
[SourceDate "2015.07.03"]

1. e4 c5 2. Nf3 d6 3. d4 cxd4 4. Nxd4 Nf6 5. Nc3 a6 6. Be2 e6 7. O-O Be7 8. f4
O-O 9. a4 Qc7 10. Bf3 Nc6 11. Kh1 Rd8 12. Be3 Na5 13. Bg1 Nc4 14. b3 Na5 15.
Qe1 Nc6 16. a5 Nxd4 17. Bxd4 Nd7 18. f5 Bf6 19. Qd2 Bxd4 20. Qxd4 Nf6 21. Be2
Bd7 22. fxe6 Bxe6 23. Rxf6 gxf6 24. Nd5 Bxd5 25. exd5 Qe7 26. Qg4+ Kh8 27. Bd3
Qe5 28. Rf1 Rg8 29. Qh4 Rg7 30. Rxf6 Qxd5 31. Rf3 Qxa5 32. Bc4 Re8 33. Rxf7
Rxf7 0-1

[Event "35. Open Villa de Benasque 2015"]
[Site "Benasque ESP"]
[Date "2015.07.03"]
[Round "1.8"]
[White "Romanov, Evgeny"]
[Black "De Lucas Bello, Federico"]
[Result "1-0"]
[WhiteElo "2575"]
[BlackElo "1951"]
[PlyCount "60"]
[EventDate "2015.07.03"]
[EventType "swiss"]
[EventRounds "10"]
[EventCountry "ESP"]
[Source "lmi"]
[SourceDate "2015.07.03"]

1. d4 Nf6 2. c4 g6 3. Nc3 Bg7 4. e4 d6 5. Bd3 e5 6. d5 a5 7. Nge2 Na6 8. O-O
Nc5 9. Bc2 c6 10. Be3 cxd5 11. cxd5 O-O 12. f3 Bd7 13. a3 Nh5 14. b4 Na6 15.
Rb1 axb4 16. axb4 b5 17. Bd3 Rb8 18. Qb3 f5 19. exf5 gxf5 20. Ra1 Nc7 21. Ra7
Nf6 22. Bg5 Qc8 23. Rc1 Rb7 24. Qa2 Qb8 25. Ra5 Qe8 26. Ng3 h6 27. Bd2 Nh5 28.
Nxh5 Qxh5 29. Ra7 Rfb8 30. Ne2 Ra8 1-0

[Event "35. Open Villa de Benasque 2015"]
[Site "Benasque ESP"]
[Date "2015.07.03"]
[Round "1.9"]
[White "Feldman, Antony"]
[Black "Stocek, Jiri"]
[Result "0-1"]
[WhiteElo "1950"]
[BlackElo "2573"]
[PlyCount "58"]
[EventDate "2015.07.03"]
[EventType "swiss"]
[EventRounds "10"]
[EventCountry "ESP"]
[Source "lmi"]
[SourceDate "2015.07.03"]

1. Nf3 d5 2. g3 Nc6 3. d4 Bf5 4. Bg2 Nb4 5. Na3 e6 6. c3 Nc6 7. Nc2 Be4 8. O-O
h6 9. Nce1 Nf6 10. Nd3 Bd6 11. a4 a5 12. b3 O-O 13. Ba3 Re8 14. Nc5 Bxc5 15.
Bxc5 b6 16. Ba3 e5 17. e3 Qd7 18. Re1 Qf5 19. Ra2 Bxf3 20. Qxf3 Qxf3 21. Bxf3
exd4 22. cxd4 Nxd4 23. Bd1 Ne6 24. Rd2 Rad8 25. Be2 d4 26. Bb5 dxe3 27. Rde2
Nd4 28. Bxe8 Nxe2+ 29. Rxe2 exf2+ 0-1

[Event "35. Open Villa de Benasque 2015"]
[Site "Benasque ESP"]
[Date "2015.07.03"]
[Round "1.10"]
[White "Vocaturo, Daniele"]
[Black "Aguinaga Ruiz, Jesus Luis"]
[Result "1-0"]
[WhiteElo "2572"]
[BlackElo "1944"]
[PlyCount "65"]
[EventDate "2015.07.03"]
[EventType "swiss"]
[EventRounds "10"]
[EventCountry "ESP"]
[Source "lmi"]
[SourceDate "2015.07.03"]

1. e4 Nc6 2. d4 d5 3. Nc3 e6 4. Nf3 Nf6 5. Bd3 Bb4 6. O-O Bxc3 7. exd5 exd5 8.
bxc3 O-O 9. Bg5 h6 10. Bh4 Bg4 11. Rb1 Rb8 12. h3 Bh5 13. g4 Bg6 14. Ne5 Bxd3
15. cxd3 Qd6 16. Bg3 Qa3 17. Qd2 Nxe5 18. dxe5 Nh7 19. f4 Rfe8 20. f5 b6 21. h4
Qe7 22. Rf2 Rbd8 23. Rbf1 Rf8 24. Kh2 d4 25. c4 Rde8 26. Qf4 c5 27. Kh3 a6 28.
Rb1 Rb8 29. Rfb2 Qc7 30. Qf3 Rb7 31. a4 a5 32. Rb5 Ra8 33. Rxc5 1-0

[Event "35. Open Villa de Benasque 2015"]
[Site "Benasque ESP"]
[Date "2015.07.04"]
[Round "2.1"]
[White "Rodshtein, Maxim"]
[Black "Garcia Vicente, Nieves"]
[Result "1-0"]
[WhiteElo "2678"]
[BlackElo "2166"]
[PlyCount "83"]
[EventDate "2015.07.03"]
[EventType "swiss"]
[EventRounds "10"]
[EventCountry "ESP"]
[Source "lmi"]
[SourceDate "2015.07.03"]

1. c4 e6 2. Nc3 d5 3. d4 Nf6 4. cxd5 exd5 5. Bg5 c6 6. e3 Bf5 7. Qf3 Be6 8.
Bxf6 Qxf6 9. Qxf6 gxf6 10. Bd3 Nd7 11. Nge2 Bd6 12. Ng3 Nb6 13. O-O-O O-O-O 14.
Nf5 Nc4 15. Nxd6+ Nxd6 16. f3 f5 17. Ne2 f6 18. Nf4 Bf7 19. b3 Rde8 20. Kd2 Kd7
21. Ke2 Re7 22. Kf2 Rc8 23. Rc1 Kd8 24. Rc3 Kc7 25. Re1 Rce8 26. g3 Kb6 27. Rc5
a6 28. Bf1 Ra8 29. Rec1 Rd8 30. R1c3 Rde8 31. b4 Rc8 32. a4 Rec7 33. Bd3 Ra8
34. Rxd5 Nb5 35. a5+ Ka7 36. Bxb5 Bxd5 37. Nxd5 Rf7 38. Nb6 axb5 39. Nxa8 Kxa8
40. Rc5 Ka7 41. Rxf5 b6 42. e4 1-0

[Event "35. Open Villa de Benasque 2015"]
[Site "Benasque ESP"]
[Date "2015.07.04"]
[Round "2.2"]
[White "Nieves Cabanes, Jose Manuel"]
[Black "Berkes, Ferenc"]
[Result "0-1"]
[WhiteElo "2180"]
[BlackElo "2664"]
[PlyCount "62"]
[EventDate "2015.07.03"]
[EventType "swiss"]
[EventRounds "10"]
[EventCountry "ESP"]
[Source "lmi"]
[SourceDate "2015.07.03"]

1. d4 d6 2. c4 e5 3. Nc3 exd4 4. Qxd4 Nc6 5. Qd2 Nf6 6. b3 g6 7. Bb2 Bg7 8. g3
O-O 9. Bg2 a5 10. Nh3 Ne5 11. O-O a4 12. Rac1 axb3 13. axb3 c6 14. Nf4 Qb6 15.
Qc2 Rd8 16. Na4 Qc7 17. Bd4 Ra6 18. Rfd1 Bf5 19. Qb2 Re8 20. Nd3 Bxd3 21. exd3
h5 22. Nc3 h4 23. Ne4 Nxe4 24. dxe4 h3 25. Bh1 Rea8 26. Ra1 c5 27. Bc3 Qb6 28.
Rxa6 Rxa6 29. Qc2 Ra3 30. f4 Nxc4 31. Bxg7 Ne3 0-1

[Event "35. Open Villa de Benasque 2015"]
[Site "Benasque ESP"]
[Date "2015.07.04"]
[Round "2.3"]
[White "Granda Zuniga, Julio E"]
[Black "Gil Quilez, David"]
[Result "1-0"]
[WhiteElo "2652"]
[BlackElo "2162"]
[PlyCount "51"]
[EventDate "2015.07.03"]
[EventType "swiss"]
[EventRounds "10"]
[EventCountry "ESP"]
[Source "lmi"]
[SourceDate "2015.07.03"]

1. Nf3 f5 2. d4 Nf6 3. c4 g6 4. g3 Bg7 5. Bg2 O-O 6. O-O d6 7. Nc3 Nc6 8. d5
Na5 9. Nd2 c5 10. Rb1 e5 11. dxe6 Bxe6 12. Nd5 Rc8 13. b3 a6 14. Bb2 b5 15. e4
bxc4 16. bxc4 Nxe4 17. Bxg7 Kxg7 18. Nf4 Bf7 19. Bxe4 fxe4 20. Nxe4 Nxc4 21.
Rb7 Kg8 22. Nd5 Be6 23. Ne7+ Kh8 24. Qa1+ Ne5 25. Rd1 Rxf2 26. Rxd6 1-0

[Event "35. Open Villa de Benasque 2015"]
[Site "Benasque ESP"]
[Date "2015.07.04"]
[Round "2.4"]
[White "Sesma Rubio, Patxi"]
[Black "Adhiban, B."]
[Result "0-1"]
[WhiteElo "2167"]
[BlackElo "2627"]
[PlyCount "88"]
[EventDate "2015.07.03"]
[EventType "swiss"]
[EventRounds "10"]
[EventCountry "ESP"]
[Source "lmi"]
[SourceDate "2015.07.03"]

1. d4 Nf6 2. c4 e6 3. Nc3 Bb4 4. f3 c5 5. d5 O-O 6. e4 Re8 7. Nh3 d6 8. Nf2
exd5 9. cxd5 a6 10. Be2 Nbd7 11. O-O Nf8 12. Qc2 Qe7 13. Bd2 b5 14. Rfe1 c4 15.
Bf1 Bc5 16. Be3 Qa7 17. Bxc5 Qxc5 18. Rad1 Bd7 19. Ne2 Ng6 20. Qd2 Ne5 21. Qd4
Qxd4 22. Nxd4 g5 23. Rc1 Rac8 24. Nd1 g4 25. Kf2 gxf3 26. gxf3 Nh5 27. Ke3 f5
28. Nf2 Nf6 29. Kd2 fxe4 30. Nxe4 Nxf3+ 31. Nxf3 Nxe4+ 32. Ke3 Nc3+ 33. Kd4
Nxa2 34. Ra1 Nb4 35. Rxe8+ Rxe8 36. Kc3 Nxd5+ 37. Kd4 Ne3 38. Rxa6 Nxf1 39.
Rxd6 Bg4 40. Ng5 Ne3 41. Rb6 b4 42. Rb7 h6 43. Nf7 Nf5+ 44. Kc5 c3 0-1

[Event "35. Open Villa de Benasque 2015"]
[Site "Benasque ESP"]
[Date "2015.07.04"]
[Round "2.5"]
[White "Cori, Jorge"]
[Black "Gasik, Anna"]
[Result "1-0"]
[WhiteElo "2623"]
[BlackElo "2160"]
[PlyCount "75"]
[EventDate "2015.07.03"]
[EventType "swiss"]
[EventRounds "10"]
[EventCountry "ESP"]
[Source "lmi"]
[SourceDate "2015.07.03"]

1. d4 d5 2. c4 c6 3. Nc3 Nf6 4. cxd5 cxd5 5. Bf4 Nc6 6. e3 a6 7. Bd3 g6 8. h3
Bg7 9. Nf3 O-O 10. Rc1 Nh5 11. Bh2 f5 12. Nxd5 e6 13. Nc7 Ra7 14. Qb3 Kh8 15.
Qb6 f4 16. O-O Rf7 17. Rxc6 bxc6 18. Qxa7 Qxc7 19. Qxc7 Rxc7 20. exf4 Rd7 21.
Bc4 Rd8 22. Re1 Bxd4 23. f5 Bxb2 24. fxe6 Bf6 25. Be5 Kg7 26. Bc7 Rf8 27. e7
Re8 28. g4 Rxe7 29. Rxe7+ Bxe7 30. gxh5 gxh5 31. Nd4 c5 32. Ne6+ Kf6 33. Nf4
Kg5 34. Nd5 Bf8 35. f4+ Kf5 36. Bd3+ Ke6 37. Nb6 Bb7 38. f5+ 1-0

[Event "35. Open Villa de Benasque 2015"]
[Site "Benasque ESP"]
[Date "2015.07.04"]
[Round "2.6"]
[White "Colls Gelaberto, Emili"]
[Black "Naroditsky, Daniel"]
[Result "0-1"]
[WhiteElo "2164"]
[BlackElo "2622"]
[PlyCount "52"]
[EventDate "2015.07.03"]
[EventType "swiss"]
[EventRounds "10"]
[EventCountry "ESP"]
[Source "lmi"]
[SourceDate "2015.07.03"]

1. Nf3 d5 2. d4 Nf6 3. c4 e6 4. Nc3 Bb4 5. a3 Bxc3+ 6. bxc3 c5 7. cxd5 exd5 8.
g3 O-O 9. Bg2 Bf5 10. O-O Qc8 11. Bf4 c4 12. Nd2 Bh3 13. Re1 Bxg2 14. Kxg2 Nc6
15. f3 Nh5 16. Be3 f5 17. Bf2 Qe8 18. e3 b5 19. Qb1 Rb8 20. e4 fxe4 21. fxe4
Qg6 22. Be3 Ne7 23. exd5 Nf5 24. Nf1 Qg4 25. Nd2 Nh4+ 26. Kg1 Nxg3 0-1

[Event "35. Open Villa de Benasque 2015"]
[Site "Benasque ESP"]
[Date "2015.07.04"]
[Round "2.7"]
[White "Grigoriants, Sergey"]
[Black "Rodriguez Garcia, Manuel Fco"]
[Result "1-0"]
[WhiteElo "2594"]
[BlackElo "2160"]
[PlyCount "67"]
[EventDate "2015.07.03"]
[EventType "swiss"]
[EventRounds "10"]
[EventCountry "ESP"]
[Source "lmi"]
[SourceDate "2015.07.03"]

1. Nf3 d6 2. d4 g6 3. e4 Bg7 4. Bc4 c6 5. Bb3 d5 6. Nc3 dxe4 7. Nxe4 Nf6 8.
Nxf6+ Bxf6 9. O-O Bg4 10. Bh6 Qa5 11. h3 Bxf3 12. Qxf3 Qf5 13. Qe3 g5 14. f4 g4
15. hxg4 Qxg4 16. Bg5 Rg8 17. Rf2 Nd7 18. Re1 Bxg5 19. fxg5 O-O-O 20. Bxf7 Rxg5
21. Qxe7 Rg7 22. Qe4 Qxe4 23. Rxe4 Rf8 24. Be6 Rxf2 25. Kxf2 Kc7 26. Rf4 Re7
27. Bb3 h6 28. c3 Kd6 29. Rg4 Rh7 30. Rg6+ Ke7 31. Kg3 Nf6 32. Kh4 Ne8 33. g4
Nf6 34. Bc2 1-0

[Event "35. Open Villa de Benasque 2015"]
[Site "Benasque ESP"]
[Date "2015.07.04"]
[Round "2.8"]
[White "Lopez Rivera, Jesus"]
[Black "Romanov, Evgeny"]
[Result "0-1"]
[WhiteElo "2163"]
[BlackElo "2575"]
[PlyCount "52"]
[EventDate "2015.07.03"]
[EventType "swiss"]
[EventRounds "10"]
[EventCountry "ESP"]
[Source "lmi"]
[SourceDate "2015.07.03"]

1. e4 c5 2. Nf3 e6 3. d4 cxd4 4. Nxd4 a6 5. Bd3 Ne7 6. O-O Nbc6 7. c3 g6 8. Be3
Bg7 9. Nd2 O-O 10. f4 e5 11. Nxc6 dxc6 12. Nc4 Bg4 13. Qc2 exf4 14. Rxf4 Be6
15. Bb6 Qb8 16. Raf1 Nc8 17. Qf2 Nxb6 18. Nxb6 Qd6 19. Nxa8 Qxd3 20. Rf3 Qd8
21. Nb6 Bxa2 22. Qc5 Re8 23. Nc4 Bf8 24. Qf2 Bxc4 25. Rxf7 Bc5 26. Qxc5 Bxf7
0-1

[Event "35. Open Villa de Benasque 2015"]
[Site "Benasque ESP"]
[Date "2015.07.04"]
[Round "2.9"]
[White "Stocek, Jiri"]
[Black "Lopez Melgar, Enrique"]
[Result "1-0"]
[WhiteElo "2573"]
[BlackElo "2156"]
[PlyCount "81"]
[EventDate "2015.07.03"]
[EventType "swiss"]
[EventRounds "10"]
[EventCountry "ESP"]
[Source "lmi"]
[SourceDate "2015.07.03"]

1. d4 d6 2. e4 Nf6 3. Nc3 e5 4. Nf3 Nbd7 5. Rg1 h5 6. h3 c6 7. g4 hxg4 8. hxg4
g6 9. a4 Qc7 10. Be3 a5 11. Ng5 Be7 12. Bc4 Rf8 13. Qf3 exd4 14. Bxd4 Ne5 15.
Bxe5 dxe5 16. Bxf7+ Rxf7 17. Nxf7 Bxg4 18. Rxg4 Nxg4 19. O-O-O Bc5 20. Nd6+
Bxd6 21. Qxg4 Kf7 22. f4 Qe7 23. f5 Rg8 24. Rf1 g5 25. f6 Qd8 26. Qh5+ Ke6 27.
Qg4+ Kf7 28. Qh5+ Ke6 29. Qh7 b6 30. Rh1 Bc5 31. Qf5+ Kd6 32. Rd1+ Bd4 33. Ne2
Kc7 34. c3 Be3+ 35. Kc2 Qc8 36. Qxe5+ Kb7 37. Qe7+ Ka6 38. f7 Rh8 39. Rd7 b5
40. Nd4 g4 41. Rc7 1-0

[Event "35. Open Villa de Benasque 2015"]
[Site "Benasque ESP"]
[Date "2015.07.04"]
[Round "2.10"]
[White "Garcia Amoros, Pablo"]
[Black "Vocaturo, Daniele"]
[Result "0-1"]
[WhiteElo "2161"]
[BlackElo "2572"]
[PlyCount "42"]
[EventDate "2015.07.03"]
[EventType "swiss"]
[EventRounds "10"]
[EventCountry "ESP"]
[Source "lmi"]
[SourceDate "2015.07.03"]

1. e4 c5 2. Nf3 e6 3. d4 cxd4 4. Nxd4 Nc6 5. Nc3 Qc7 6. Be3 a6 7. Qd2 Nf6 8. f3
b5 9. O-O-O Be7 10. g4 Nxd4 11. Bxd4 Bb7 12. g5 Nh5 13. Ne2 O-O 14. Bh3 e5 15.
Be3 d5 16. Bg4 d4 17. Bf2 Nf4 18. h4 Qc4 19. Nxf4 Qxa2 20. c3 dxc3 21. Qxc3
Rac8 0-1

[Event "35. Open Villa de Benasque 2015"]
[Site "Benasque ESP"]
[Date "2015.07.04"]
[Round "3.1"]
[White "Stockova, Zuzana"]
[Black "Rodshtein, Maxim"]
[Result "1/2-1/2"]
[WhiteElo "2391"]
[BlackElo "2678"]
[PlyCount "106"]
[EventDate "2015.07.03"]
[EventType "swiss"]
[EventRounds "10"]
[EventCountry "ESP"]
[Source "lmi"]
[SourceDate "2015.07.03"]

1. e4 e6 2. d4 d5 3. Nd2 c5 4. exd5 Qxd5 5. Ngf3 cxd4 6. Bc4 Qd6 7. O-O Nf6 8.
Nb3 Nc6 9. Nbxd4 Nxd4 10. Nxd4 a6 11. Re1 Qc7 12. Bb3 Bd7 13. Qf3 Bd6 14. h3
O-O-O 15. a4 h6 16. Be3 Kb8 17. c4 Bc6 18. Qe2 Be4 19. c5 Bh2+ 20. Kh1 Be5 21.
Red1 Nd5 22. c6 Nxe3 23. Qxe3 Bxc6 24. Nxc6+ bxc6 25. Bc4 a5 26. Be2 c5 27.
Qb3+ Qb7 28. Qc4 Qb6 29. f4 Rd4 30. Rxd4 Bxd4 31. Ra3 Kc7 32. Rb3 Qa7 33. f5
Kd6 34. Bf3 Rb8 35. Rxb8 Qxb8 36. fxe6 fxe6 37. Bg4 Qc8 38. Qb5 Qc7 39. Qa6+
Qc6 40. Qxc6+ Kxc6 41. b3 Kd5 42. Bf3+ Ke5 43. g3 Bf2 44. Kg2 Be1 45. Bg4 Kd5
46. Be2 e5 47. g4 Ke4 48. Bb5 Ke3 49. Bc4 e4 50. Bb5 Bh4 51. Bc4 Kd2 52. Bb5
Ke1 53. Bc4 e3 1/2-1/2

[Event "35. Open Villa de Benasque 2015"]
[Site "Benasque ESP"]
[Date "2015.07.04"]
[Round "3.2"]
[White "Berkes, Ferenc"]
[Black "Berkovich, Mark A"]
[Result "1-0"]
[WhiteElo "2664"]
[BlackElo "2376"]
[PlyCount "51"]
[EventDate "2015.07.03"]
[EventType "swiss"]
[EventRounds "10"]
[EventCountry "ESP"]
[Source "lmi"]
[SourceDate "2015.07.03"]

1. d4 Nf6 2. c4 e6 3. Nc3 Bb4 4. f3 O-O 5. a3 Bxc3+ 6. bxc3 Nh5 7. Nh3 f5 8.
Nf2 c5 9. e4 fxe4 10. fxe4 Nf4 11. Be3 Qa5 12. Qd2 Nc6 13. d5 Ne5 14. Bxf4 Rxf4
15. Be2 Rf8 16. O-O d6 17. Ng4 Nf7 18. e5 Bd7 19. exd6 exd5 20. Rxf7 Rxf7 21.
Ne5 Raf8 22. Nxf7 Rxf7 23. Bf3 Bc6 24. Re1 Kf8 25. Bh5 g6 26. Bg4 1-0

[Event "35. Open Villa de Benasque 2015"]
[Site "Benasque ESP"]
[Date "2015.07.04"]
[Round "3.3"]
[White "Abal Cores, Lucas"]
[Black "Granda Zuniga, Julio E"]
[Result "0-1"]
[WhiteElo "2373"]
[BlackElo "2652"]
[PlyCount "88"]
[EventDate "2015.07.03"]
[EventType "swiss"]
[EventRounds "10"]
[EventCountry "ESP"]
[Source "lmi"]
[SourceDate "2015.07.03"]

1. e4 g6 2. d4 Bg7 3. Nf3 d6 4. Bd3 e5 5. c3 Nc6 6. Bg5 Nf6 7. O-O h6 8. Bh4
O-O 9. d5 Ne7 10. Bxf6 Bxf6 11. c4 c5 12. Nc3 Bg7 13. Nd2 f5 14. f3 h5 15. a3
Bh6 16. b4 b6 17. Qe2 Kg7 18. Rfb1 h4 19. a4 h3 20. g3 fxe4 21. Bxe4 Nf5 22.
Bxf5 gxf5 23. a5 cxb4 24. Rxb4 bxa5 25. Rb5 a6 26. Rbxa5 Rb8 27. c5 Rb2 28. f4
exf4 29. Qd3 fxg3 30. Nf3 Qf6 31. Ne2 gxh2+ 32. Kh1 Kh8 33. R5a2 dxc5 34. Rxb2
Qxb2 35. Rb1 Qg7 36. Qc3 Re8 37. Rb6 Qxc3 38. Nxc3 Bf4 39. Nd1 Bg3 40. Rh6+ Kg7
41. Rxh3 f4 42. Rh5 a5 43. Ne5 Kf6 44. Nd3 Bg4 0-1

[Event "35. Open Villa de Benasque 2015"]
[Site "Benasque ESP"]
[Date "2015.07.04"]
[Round "3.4"]
[White "Adhiban, B."]
[Black "Martin Duque, Jesus"]
[Result "1-0"]
[WhiteElo "2627"]
[BlackElo "2371"]
[PlyCount "51"]
[EventDate "2015.07.03"]
[EventType "swiss"]
[EventRounds "10"]
[EventCountry "ESP"]
[Source "lmi"]
[SourceDate "2015.07.03"]

1. c4 e6 2. Nc3 d5 3. d4 Nf6 4. cxd5 exd5 5. Bg5 c6 6. e3 Be7 7. Bd3 O-O 8. Qc2
Nbd7 9. Nf3 Re8 10. O-O Nf8 11. h3 g6 12. Bh6 Ne6 13. Ne5 Ng7 14. g4 Bf8 15. f4
Nf5 16. Bxf8 Nxe3 17. Qf2 Nxf1 18. Bh6 Ne3 19. Qxe3 Bxg4 20. hxg4 Nxg4 21. Qh3
Nxh6 22. Qxh6 Qb6 23. Ne2 Qxb2 24. Rf1 f6 25. f5 g5 26. Qxf6 1-0

[Event "35. Open Villa de Benasque 2015"]
[Site "Benasque ESP"]
[Date "2015.07.04"]
[Round "3.5"]
[White "Martin Gonzalez, Angel"]
[Black "Cori, Jorge"]
[Result "0-1"]
[WhiteElo "2360"]
[BlackElo "2623"]
[PlyCount "64"]
[EventDate "2015.07.03"]
[EventType "swiss"]
[EventRounds "10"]
[EventCountry "ESP"]
[Source "lmi"]
[SourceDate "2015.07.03"]

1. e4 c5 2. Nf3 Nc6 3. d4 cxd4 4. Nxd4 e5 5. Nb5 d6 6. a4 Nf6 7. N1c3 a6 8. Na3
Be6 9. Bg5 Rc8 10. Nc4 Nd4 11. Nd5 Be7 12. Bxf6 Bxf6 13. c3 Bxd5 14. exd5 Nf5
15. Qg4 g6 16. Bd3 Ne7 17. h4 Bg7 18. h5 f5 19. Qg3 O-O 20. hxg6 hxg6 21. f4 e4
22. Be2 b5 23. axb5 axb5 24. Na5 Ra8 25. b4 Qc7 26. Rc1 Kf7 27. Bxb5 Nxd5 28.
Rh7 Nf6 29. Rh3 Rfb8 30. Bc4+ d5 31. Bb3 Rxb4 32. Kd2 Rbb8 0-1

[Event "35. Open Villa de Benasque 2015"]
[Site "Benasque ESP"]
[Date "2015.07.04"]
[Round "3.6"]
[White "Naroditsky, Daniel"]
[Black "Alcaraz Ortega, Javier"]
[Result "1-0"]
[WhiteElo "2622"]
[BlackElo "2357"]
[PlyCount "81"]
[EventDate "2015.07.03"]
[EventType "swiss"]
[EventRounds "10"]
[EventCountry "ESP"]
[Source "lmi"]
[SourceDate "2015.07.03"]

1. d4 d5 2. c4 c6 3. Nf3 Nf6 4. Nc3 Qb6 5. Qc2 Bg4 6. cxd5 cxd5 7. e4 dxe4 8.
Ne5 Nc6 9. Be3 Qa5 10. Bb5 Rc8 11. Nxg4 Nxg4 12. d5 Nxe3 13. fxe3 a6 14. dxc6
axb5 15. cxb7 Rb8 16. O-O Qc7 17. Qb3 Qc4 18. Rfd1 e6 19. Nxb5 Qxb3 20. axb3
Rxb7 21. Ra8+ Ke7 22. Nd6 Rxb3 23. Ra7+ Kf6 24. Rf1+ Kg6 25. Nxf7 Rg8 26. Ne5+
Kh5 27. Ra8 Bd6 28. Rxg8 Bxe5 29. Re8 Bxb2 30. Rb1 Rb6 31. Kf2 Kg6 32. Rc8 Bd4
33. Rxb6 Bxb6 34. Rc6 Bd8 35. Rxe6+ Kf5 36. Re8 Bf6 37. Rb8 Be5 38. Rb5 Ke6 39.
h3 h5 40. g4 hxg4 41. hxg4 1-0